Country Flags... But Something's Missing - Statistics

General Stats
  • This quiz has been taken 760 times
  • The average score is 18 of 20
Answer Stats
Picture Answer % Correct
Brazil
97%
Saudi Arabia
97%
South Korea
97%
Kazakhstan
95%
Sri Lanka
95%
Australia
94%
Cyprus
94%
Bhutan
93%
Bosnia and Herzegovina
93%
Kosovo
93%
Portugal
92%
Turkmenistan
92%
Barbados
91%
Brunei
91%
Papua New Guinea
90%
Zambia
90%
Montenegro
88%
Eritrea
86%
Dominica
85%
Kiribati
78%
No matching quizzes found
Score Distribution
Percent of People with Each Score
Percentile by Number Answered
Your Score History
You have not taken this quiz